| 000 | 00716cab a2200241 4500 | ||
|---|---|---|---|
| 001 | ABS59944 | ||
| 008 | 090401t1999 xxu||||| |||| 00| 0 eng d | ||
| 035 | _a(Sirsi) u91095 | ||
| 041 | _aeng | ||
| 245 | _aRegional awakening | ||
| 260 | _c1999 | ||
| 350 | _a0 | ||
| 490 |
_aEconomist _v350(8104) 30 January 1999, 34(1) |
||
| 520 | _aDiscusses the current position with regard to English regional assemblies, and suggests that the impetus for such regional representation is gathering speed. | ||
| 650 | _aDEVOLUTION | ||
| 650 | _aENGLAND | ||
| 650 | _aREGIONAL ASSEMBLIES | ||
| 650 | _aREGIONAL GOVERNMENT | ||
| 650 | _aREGIONS | ||
| 690 | _aECONOMIC AND SOCIAL | ||
| 942 | _n0 | ||
| 948 | _c03/02/1999 | ||
| 999 |
_c57803 _d57803 |
||